00421nam a2200109Ia 4500008004100000050002000041100001800061245009000079260008600169300003300255521002300288140724s9999 xx 000 0 und d aP 91b.K46 2012 aKi, Han Seul. 2aA content analysis of violence in Park Chan Wook Films from 2000-2011 /cHan Seul Ki. aLas Piñas, Philippines :bSouthville International School and Colleges,cc2012. a55 p. :bcol. Ill. ;c28 cm. aMass Communication